000 01209cam a2200337 a 4500
001 47150405
003 OSt
005 20150408113723.0
008 010608s2002 enka b 001 0 eng
015 _aGBA1-X2550
020 _a0750307684
040 _aNLM
_cNLM
_dUKM
_dTXH
042 _anlmcopyc
060 0 0 _a2002 A-549
060 1 0 _aW 26
_bH634m 2002
082 0 4 _a610.28
_221
092 _aR856.6
_b.H54 2002
100 1 _aHigson, Gordon R.,
_d1932-2001.
_95040
245 1 0 _aMedical device safety
_bthe regulation of medical devices for public health and safety /
_cGordon R. Higson.30
246 _aRegulation of medical devices for public health and safety.
260 _aBristol, UK ;
_aPhiladelphia, PA
_bInstitute of Physics Pub.,
_cc2002.
300 _bill. ;
_c24 cm.
_aIn
504 _aEq
650 _aEquipment Safety
_xstandards.12
_95041
650 _aEquipment and Supplies
_xstandards.22
_95042
650 _aDevice Approval
_xstandards.22
_95043
650 _aProduct Surveillance, Postmarketing
_95044
650 _aMedical instruments and apparatus
_xStandards. 0
_95045
650 _aMedical instruments and apparatus
_xLaw and legislation.\\
_95046
942 _2ddc
_cDVD
999 _c861
_d235361